Statistiques concernant Quiz sur le désert du Sahara

Cliquez ici pour prendre le quiz!

Statistiques générales

  • Ce quiz a été pris 42 fois
  • Le résultat moyen est 11 sur 15

Statistiques - réponses

QuestionsRéponses% Correct
Pays sur lequel s'étend le SaharaAlgérie
94%
Pays sur lequel s'étend le SaharaMaroc
94%
Pays sur lequel s'étend le SaharaEgypte
92%
Pays sur lequel s'étend le SaharaTunisie
92%
Pays sur lequel s'étend le SaharaMali
89%
Pays sur lequel s'étend le SaharaNiger
89%
Pays sur lequel s'étend le SaharaMauritanie
83%
Pays sur lequel s'étend le SaharaSoudan
83%
Pays sur lequel s'étend le SaharaLibye
81%
Pays sur lequel s'étend le SaharaTchad
75%
Quelle est la principale ressource du SaharaPétrole
67%
Quelle est la température maximale jamais atteinte dans la Sahara (en °C)55°C
53%
Quel est le nom de la bande semi aride au sud du SaharaSahel
53%
Superficie du Sahara en km² (arrondi au million)9 065 000
44%
Le Sahara n'est pas essentiellement constitué d'Ergs mais de ____Regs
39%

Distribution des résultats

Percentile par nombre de réponses

% des personnes avec chaque résultat

Votre développement - résultats

Vous n’avez pas pris ce quiz